Guns N' Roses - Paradise City Lyrics Quiz - Statistics

General Stats
  • This quiz has been taken 27 times
  • The average score is 31 of 50
Answer Stats
Lyrics % Correct
Take me down to the {Paradise} {City}
96%
Take me down to the {Paradise} {City}
96%
Take me down to the {Paradise} {City}
96%
Take me down to the {Paradise} {City}
96%
Take me down to the {Paradise} {City}
96%
Take me down to the {Paradise} {City}
96%
Where the {grass} {is} {green} and the girls are pretty
96%
Where the {grass} {is} {green} and the girls are pretty
96%
Where the {grass} {is} {green} and the girls are pretty
96%
Where the {grass} {is} {green} and the girls are pretty
96%
Where the {grass} {is} {green} and the girls are pretty
96%
Where the {grass} {is} {green} and the girls are pretty
96%
Oh, won't you please take me {home}?
88%
Oh, won't you please take me {home}? Yeah
88%
Oh, won't you please take me {home}? Yeah-yeah
88%
Take me {home}
88%
Take me {home} (I want you, please, take me {home})
88%
Take me {home} (I want you, please, take me {home})
88%
Take me {home}, yeah-yeah
88%
Rags and {riches}, or so they say, you gotta
65%
I want you, {please}, take me home
62%
I want you, {please}, take me home
62%
I want you, {please}, take me home
62%
Take it to {the} {end} of the line
58%
He's a court jester with a {broken} heart
54%
He said, "Turn me around and {take} {me} back to the start"
54%
{So} {far} away
54%
{So} {far} away
54%
{So} {far} away
54%
{So} {far} away
54%
{Everybody's} doing their time
46%
I'll pay you at {another} {time}
46%
"I've seen it all a {million} times"
46%
Just an {urchin} living under the street
46%
Keep pushing for the {fortune} and fame
46%
Why I'm here, I can't {quite} remember
46%
I'd have another {cigarette}, but I can't see
42%
Tell me, who you're gonna {believe}?
42%
You treat it like a capital {crime}
42%
I'm your {charity} case, so buy me somethin' to eat
38%
Strapped in the {chair} of the city's gas chamber
35%
I'm a {hard} {case} that's tough to beat
31%
I must {be} {losin'} my mind, "Are you blind?"
31%
I wanna go, I wanna {know}
31%
I wanna see {how} {good} it can be
27%
I wanna see {how} {good} it can be
27%
Take me down, ooh yeah, {spin} me 'round
23%
The surgeon general says it's {hazardous} to breathe
23%
{Captain} {America}'s been torn apart now
19%
You know it's, it's all a {gamble} when it's just a game
19%
No matching quizzes found
Score Distribution
Percent of People with Each Score
Percentile by Number Answered
Your Score History
You have not taken this quiz